Entry Topical Term
Number of records used in: 6
001 - CONTROL NUMBER
003 - CONTROL NUMBER IDENTIFIER
005 - DATE AND TIME OF LATEST TRANSACTION
- control field:
20200514130059.0
008 - FIXED-LENGTH DATA ELEMENTS
- fixed length control field:
200514|| aca||babn | a|a d
040 ## - CATALOGING SOURCE
- Original cataloging agency:
OSt
150 ## - HEADING--TOPICAL TERM
- Topical term or geographic name entry element:
Technology
- Form subdivision:
Management
- Geographic subdivision:
Management & auxiliary services